Wskaż mistrzów świata w piłce nożnej na 2025 rok - Statystyki

Ogólne statystyki
  • Ten quiz został rozwiązany 181 razy
  • Średni wynik to 7 z 8
Answers on the Grid
Answers color-coded by a green-red scale on the quiz's grid according to % correct below.
Francja
Polska
Niemcy
Włochy
Holandia
Urugwaj
Brazylia
Czechy
Hiszpania
Argentyna
USA
Anglia
Maroko
 
Statystyki odpowiedzi
Odpowiedź % Poprawnych
Francja
97%
Brazylia
89%
Niemcy
87%
Hiszpania
86%
Włochy
86%
Argentyna
84%
Anglia
79%
Urugwaj
69%
Nie znaleziono quizów pasujących do podanych kryteriów
Rozkład punktacji
Procent ludzi z każdym wynikiem
Percentyl według liczby udzielonych odpowiedzi
Twoja historia wyników
Nie rozwiązałeś tego quizu